000
00218 a2200097 4500
001
22918
100
_a
Ikramulla, S S
245
_a
From Purdah to Parliament
260
_a
_b
Cressel-Press
_c
1963
090
_c
15513
_d
15513
942
_a
NUST-CAE
_c
M
_c
6129
999
_c
257991
_d
257991